Gaming Quiz

Random Gaming or Quote Quiz

Can You Guess The Video Game Character By A Quote? Quiz Stats

 Plays Quiz not verified by Sporcle

Score 0/7 Timer 00:30
2 Plays Today
Question Answer Wrong Answers
Justice Reins From Above Pharah-Overwatch
80.4%
Mario-Mario
2.5%
Sans-Undertale
9.4%
Its Dangerous To Go Alone! Take This! Man From The Legend Of Zelda
80.2%
Toriel From Undertale
5.9%
Jesse From Minecraft Story Mode
6.3%
Mario From Mario
2%
Do A Barrel Roll! StarFox
76.4%
Undertale
1.8%
Portal
3.6%
Fallout 3
5.4%
Fus-Roh-Dah! Skyrim
64.9%
Sonic
3.3%
Pokemon
4%
Half-Life
5.4%
A Wild ___ Appeared Pokemon
62%
Skyrim
1.4%
Fallout 4
0.7%
The Legend Of Zelda
0.4%
Where Are The Knives? Chara From Undertale
60.4%
Genji From Overwatch
22.1%
Zelda From The Legend Of Zelda
11.6%
Steve From Minecraft
2.3%
In A World Without Gold, We Might Have Been Heroes... Assasins Creed
26.4%
Skyrim
1.1%
Fallout 3
7.6%
Oblivion
6.2%

You're not logged in!

Compare scores with friends on all Sporcle quizzes.
OR
Log In

Sporcle TV

Today on Sporcle TV


Watch our educational content, quiz creation guides, and fun videos on Sporcle TV.

Show Comments

Extras

Created Aug 26, 2017ReportNominate
Tags:Quote Quiz, character, video

Top Quizzes Today


Score Distribution

Your Account Isn't Verified!

In order to create a playlist on Sporcle, you need to verify the email address you used during registration. Go to your Sporcle Settings to finish the process.

Report this User

Report this user for behavior that violates our Community Guidelines.

Details: